Constitutio criminalis Theresiana... (Record no. 8679)

MARC details
000 -CABECERA
campo de control de longitud fija 00844nam a2200253 a 4500
001 - NÚMERO DE CONTROL
campo de control BRCA_9028
003 - IDENTIFICADOR DEL NÚMERO DE CONTROL
campo de control FranzMayer
005 - FECHA Y HORA DE LA ÚLTIMA TRANSACCIÓN
campo de control 20230724144700.0
008 - DATOS DE LONGITUD FIJA--INFORMACIÓN GENERAL
campo de control de longitud fija 250717s1769----gw-#######---#000-0#ger-#
040 ## - FUENTE DE LA CATALOGACIÓN
Centro/agencia transcriptor MFM
041 ## - CÓDIGO DE LENGUA
Código de lengua del texto/banda sonora o título independiente ger
044 ## - CÓDIGO DEL PAÍS DE LA ENTIDAD EDITORA/PRODUCTORA
Código MARC del país gw
084 ## - OTRO NÚMERO DE CLASIFICACIÓN
Número de clasificación SN
Número de documento/Ítem .M37 1769
100 1# - ENTRADA PRINCIPAL--NOMBRE DE PERSONA
Nombre de persona María Teresa
Títulos y otros términos asociados al nombre Emperatriz de Austria
Fechas asociadas al nombre 1717 - 1780
9 (RLIN) 10940
245 10 - MENCIÓN DE TÍTULO
Título Constitutio criminalis Theresiana...
Mención de responsabilidad, etc. Majestät Mariä Theresiä...
260 ## - PUBLICACIÓN, DISTRIBUCIÓN, ETC.
Lugar de publicación, distribución, etc. Wien
Nombre del editor, distribuidor, etc. Gedruckt bey Johann Thomas Edlen von Trattnern
Fecha de publicación, distribución, etc. 1769
300 ## - DESCRIPCIÓN FÍSICA
Extensión 282 p., LVI
Dimensiones 35.5 x 23.5 cm
500 ## - NOTA GENERAL
Nota general Estado físico: presenta encuadernación en piel con cantos decorados en color rojo
500 ## - NOTA GENERAL
Nota general Se anexa un folleto con relación al tema
650 14 - PUNTO DE ACCESO ADICIONAL DE MATERIA--TÉRMINO DE MATERIA
Término de materia o nombre geográfico como elemento de entrada Derecho penal
Subdivisión geográfica Austria
9 (RLIN) 22383
650 14 - PUNTO DE ACCESO ADICIONAL DE MATERIA--TÉRMINO DE MATERIA
Término de materia o nombre geográfico como elemento de entrada Procedimiento penal
Subdivisión geográfica Austria
9 (RLIN) 22384
902 ## - CATALOGADOR
Iniciales CFM
942 ## - ELEMENTOS DE PUNTO DE ACCESO ADICIONAL (KOHA)
Fuente del sistema de clasificación o colocación Library of Congress Classification
Tipo de ítem Koha Libros
Holdings
Estado de retiro Estado de pérdida Estado dañado No para préstamo Localización permanente Ubicación/localización actual Fecha de adquisición Total de préstamos Signatura topográfica completa Código de barras Fecha visto por última vez Precio válido a partir de Tipo de ítem Koha
El ejemplar forma parte de la colección y puede ser consultado según las políticas vigentes.       Biblioteca del Museo Franz Mayer (Rogerio Casas-Alatriste) Biblioteca del Museo Franz Mayer (Rogerio Casas-Alatriste) 25/07/2017   SN .M37 1769 CFM00295 22/03/2019 22/03/2019 Libros